000 00330nab a22001097u 4500
008 130520b1989 xxu||||| |||| 00| 0 spa d
041 _aspa
100 1 _aCondren, M.
_967465
245 0 0 _aTener hijos para la patria. Madres y militarismo
_cM. Condren
773 0 _tConcilium
_gV.2,1989,págs.413-423
_x0210-1041
_wRev134
942 _cAR
999 _c355489
_d355489